Hello, Android Introducing Google's Mobile Development Platform (Record no. 8438)
[ view plain ]
| 000 -LEADER | |
|---|---|
| fixed length control field | 00305nam a22001217a 4500 |
| 020 ## - INTERNATIONAL STANDARD BOOK NUMBER | |
| ISBN | 9781934356173 |
| 082 ## - DEWEY DECIMAL CLASSIFICATION NUMBER | |
| Classification number | 005.268 BUH |
| 100 ## - MAIN ENTRY--AUTHOR NAME | |
| Personal name | BURNETTE,ED |
| 245 ## - TITLE STATEMENT | |
| Title | Hello, Android Introducing Google's Mobile Development Platform |
| 250 ## - EDITION STATEMENT | |
| Edition statement | 3th |
| 260 ## - PUBLICATION, DISTRIBUTION, ETC. (IMPRINT) | |
| Place of publication | Mumbai |
| Name of publisher | Shroff Publisher |
| Year of publication | 2010 |
| 942 ## - ADDED ENTRY ELEMENTS (KOHA) | |
| Koha item type | Text Books |
| Collection code | Home library | Current library | Shelving location | Date acquired | Source of acquisition | Currency | Cost, normal purchase price | Bill Number | Full call number | Accession Number | Koha item type |
|---|---|---|---|---|---|---|---|---|---|---|---|
| MCA | PIET C-LIBRARY | PIET C-LIBRARY | Text. Sec. T01 | 30/01/2020 | KIRTI PRAKASHAN NEW DELHI | IN Rupees | 500.00 | IN5959 | 005.268 BUH | 31596 | Text Books |
| MCA | PIET C-LIBRARY | PIET C-LIBRARY | Text. Sec. T01 | 30/01/2020 | KIRTI PRAKASHAN NEW DELHI | IN Rupees | 500.00 | IN5959 | 005.268 BUH | 31597 | Text Books |
| Computer Science & Engineering in Cyber Security | PIET C-LIBRARY | PIET C-LIBRARY | Text. Sec. T01 | 30/01/2020 | KIRTI PRAKASHAN NEW DELHI | IN Rupees | 500.00 | IN5959 | 005.268 BUH | 31598 | Text Books |
| Computer Science & Engineering in Cyber Security | PIET C-LIBRARY | PIET C-LIBRARY | New Arrival Sec. N01 | 30/01/2020 | KIRTI PRAKASHAN NEW DELHI | IN Rupees | 500.00 | IN5959 | 005.268 BUH | 31599 | Reference Books |